| 000 -LEADER |
| fixed length control field |
02965cam a2200325 a 4500 |
| 001 - CONTROL NUMBER |
| control field |
15103193 |
| 005 - DATE AND TIME OF LATEST TRANSACTION |
| control field |
20170131104110.0 |
| 008 - FIXED-LENGTH DATA ELEMENTS--GENERAL INFORMATION |
| fixed length control field |
071205s2008 nyua b 001 0 eng |
| 010 ## - LIBRARY OF CONGRESS CONTROL NUMBER |
| LC control number |
2007049697 |
| 020 ## - INTERNATIONAL STANDARD BOOK NUMBER |
| International Standard Book Number |
9780415962926 |
| 020 ## - INTERNATIONAL STANDARD BOOK NUMBER |
| International Standard Book Number |
0415962927 |
| 035 ## - SYSTEM CONTROL NUMBER |
| System control number |
(OCoLC)ocn183609139 |
| 050 00 - LIBRARY OF CONGRESS CALL NUMBER |
| Classification number |
N8725 .P684 2008 |
| 245 04 - TITLE STATEMENT |
| Title |
The practice of public art / |
| Statement of responsibility, etc. |
edited by Cameron Cartiere and Shelly Willis. |
| 260 ## - PUBLICATION, DISTRIBUTION, ETC. (IMPRINT) |
| Place of publication, distribution, etc. |
New York : |
| Name of publisher, distributor, etc. |
Routledge, |
| Date of publication, distribution, etc. |
2008. |
| 300 ## - PHYSICAL DESCRIPTION |
| Extent |
xi, 272 p. : |
| Other physical details |
ill. ; |
| Dimensions |
24 cm. |
| 440 #0 - SERIES STATEMENT/ADDED ENTRY--TITLE |
| Title |
Routledge research in cultural and media studies ; |
| Volume/sequential designation |
14 |
| 504 ## - BIBLIOGRAPHY, ETC. NOTE |
| Bibliography, etc |
Includes bibliographical references (p. [247]-248) and index. |
| 505 0# - FORMATTED CONTENTS NOTE |
| Formatted contents note |
Coming in from the cold: a public art history / Cameron Cartiere -- Time in place: new genre public art a decade later / Suzanne Lacy -- Space, place and site in critical spatial arts practice / Jane Rendell -- "Be a crossroads": public art practice and the cultural hybrid / Margaret Adamek and Karl Lorenz -- Critical spaces: monuments and changes / Malcolm Miles -- Toward a celebratory and liberating system of teaching public art / Stephanie Anne Johnson -- A fine public art & design education: learning and teaching public art / Faye Carey -- Public art and education: an interview with Harrell Fletcher / Shelly Willis -- The millennium park effect: a tale of two cities / Regina M. Flanagan -- Investigating the public art commissioning system: the challenges of making art in public / Shelly Willis -- Here and gone: making it happen / Kristin Calhoun and Peggy Kendellen -- As rich as getting lost in Venice: sustaining a career as a public artist in the public realm / Terri Cohn -- From margin to mainstream: dyke action machine! Public art and a Recent history of lesbian representation / Carrie Moyer -- In the storms of the world: building communities to assist social and ecological justice / James Marriott -- The art of the question: thinking like a public artist / Anonymous -- A timeline for the history of public art: the United Kingdom and the United States of America, 1900-2005 / Cameron Cartiere, Rosemary Shirley, and Shelly Willis. |
| 650 #0 - SUBJECT ADDED ENTRY--TOPICAL TERM |
| Topical term or geographic name as entry element |
Public art. |
| 700 1# - ADDED ENTRY--PERSONAL NAME |
| Personal name |
Cartiere, Cameron. |
| 700 1# - ADDED ENTRY--PERSONAL NAME |
| Personal name |
Willis, Shelly. |
| 856 41 - ELECTRONIC LOCATION AND ACCESS |
| Materials specified |
Table of contents only |
| Uniform Resource Identifier |
<a href="http://www.loc.gov/catdir/toc/ecip086/2007049697.html">http://www.loc.gov/catdir/toc/ecip086/2007049697.html</a> |
| 856 42 - ELECTRONIC LOCATION AND ACCESS |
| Materials specified |
Publisher description |
| Uniform Resource Identifier |
<a href="http://www.loc.gov/catdir/enhancements/fy0916/2007049697-d.html">http://www.loc.gov/catdir/enhancements/fy0916/2007049697-d.html</a> |
| 856 42 - ELECTRONIC LOCATION AND ACCESS |
| Materials specified |
Contributor biographical information |
| Uniform Resource Identifier |
<a href="http://www.loc.gov/catdir/enhancements/fy1102/2007049697-b.html">http://www.loc.gov/catdir/enhancements/fy1102/2007049697-b.html</a> |
| 942 ## - ADDED ENTRY ELEMENTS (KOHA) |
| Source of classification or shelving scheme |
|
| Koha item type |
Hard Covered Materials |